Quizzes
Events
Quiz Creation
Community
Videos
Private Events
Remove Ads
Sign In
Join for FREE
Feedback
Dark Mode
Quiz Categories
Sports
Geography
Music
Movies
Television
Just For Fun
Miscellaneous
History
Literature
Language
Science
Gaming
Entertainment
Religion
Holiday
For Kids
Quiz Lab
Recent
Popular Today
Quiz Kudos Today
Editor Picks
Curator Picks
Quizzes by...
Day
Popularity
Type
Ratings
Length
Year
Community
Subscriptions
Recent Discussions
Orange Saloon
Badges
Playlists
Quests
Create
Leaderboards
Showdown
Live 5
Trivia Bingo
Activity
Puzzle Library
Sporcle Events
Private Events
Virtual Trivia
Globe League
Become a Host
Pub Owners
SporcleCon
Opinionation
Our Games
Videos
Blog
Mobile Apps
Partnerships
Remove Ads and Go Orange
Feedback
Language
Vocabulary
Begins and Ends
Definition
Spanish
French
German
Italian
Chinese
Latin
Translation
Japanese
Language
Vocabulary
Begins and Ends
Definition
Spanish
French
German
Italian
Chinese
Latin
Translation
Japanese
Random Quiz
Search Sporcle
×
Quiz Lab
Quiz Lab
Language
Numbers
Type in answers that appear in a list
Type in answers that appear in a list
Classic
Best Score? Go Orange.
French numbers 1-100 Stats
Can you name the French numbers from 1 to 100 in 5 minutes?
By
DRidde206
5m
100 Questions
3,811 Plays
3,811 Plays
3,811 Plays
Comments
Comments
Give Quiz Kudos
Give Quiz Kudos
-
- Ratings
hide this ad
More Info
Replay
Link that replays current quiz
Next Quiz
Link to next quiz in quiz playlist
You Got
0%
They Got
Avg Score
45%
Avg Friend Score
Upgrade to see
Score Distribution
Jump to the score distribution portion of the page
Score
0/100
Timer
05:00
0
Plays Today
Number
French
% Correct
1
un
94.9%
2
deux
91.2%
5
cinq
90.6%
4
quatre
90.2%
3
trois
90%
6
six
88.2%
10
dix
87.9%
7
sept
87.7%
8
huit
87.2%
9
neuf
87%
11
onze
85.2%
12
douze
82.2%
20
vingt
80.7%
13
treize
77.8%
17
dixsept
77%
19
dixneuf
76.7%
18
dixhuit
76.5%
21
vingtetun
75.4%
14
quatorze
74.8%
22
vingtdeux
73.4%
16
seize
72.9%
23
vingttrois
72.1%
15
quinze
71.1%
30
trente
71.1%
24
vingtquatre
69.5%
25
vingtcinq
68.7%
26
vingtsix
67.5%
27
vingtsept
67.3%
28
vingthuit
66.5%
29
vingtneuf
66.5%
31
trenteetun
65.8%
32
trentedeux
64%
33
trentetrois
61.9%
35
trentecinq
61.2%
Number
French
% Correct
34
trentequatre
61%
36
trentesix
60.2%
37
trentesept
59.5%
40
quarante
59.2%
38
trentehuit
58.7%
39
trenteneuf
57.9%
41
quaranteetun
52.6%
42
quarantedeux
50.3%
43
quarantetrois
48.9%
50
cinquante
47.6%
44
quarantequatre
46.5%
45
quarantecinq
46.3%
46
quarantesix
45.1%
47
quarantesept
44.7%
60
soixante
44.2%
48
quarantehuit
43.7%
49
quaranteneuf
43.4%
51
cinquanteetun
40%
52
cinquantedeux
38.4%
53
cinquantetrois
36.9%
54
cinquantequatre
35%
61
soixanteetun
34.4%
55
cinquantecinq
33.7%
56
cinquantesix
33.1%
57
cinquantesept
32.5%
70
soixantedix
32.4%
62
soixantedeux
32.2%
58
cinquantehuit
31.7%
59
cinquanteneuf
31.2%
63
soixantetrois
31%
64
soixantequatre
29.2%
65
soixantecinq
28.7%
100
cent
27.7%
80
quatrevingt
27.6%
Number
French
% Correct
69
soixanteneuf
27.5%
67
soixantesept
27.1%
66
soixantesix
26.9%
68
soixantehuit
26.5%
71
soixanteetonze
25.1%
72
soixantedouze
23.3%
73
soixantetreize
22.3%
74
soixantequatorze
20.3%
75
soixantequinze
19.7%
76
soixanteseize
19.2%
77
soixantedixsept
19%
90
quatrevingtdix
18.6%
81
quatrevingtetun
18.3%
78
soixantedixhuit
18.2%
79
soixantedixneuf
17.9%
82
quatrevingtdeux
16.9%
83
quatrevingttrois
15.8%
84
quatrevingtquatre
14.9%
85
quatrevingtcinq
14.7%
86
quatrevingtsix
14.2%
88
quatrevingthuit
13.7%
87
quatrevingtsept
13.7%
89
quatrevingtneuf
13.3%
91
quatrevingtonze
12.4%
92
quatrevingtdouze
10.7%
93
quatrevingttreize
9.8%
94
quatrevingtquatorze
9.2%
95
quatrevingtquinze
8.9%
96
quatrevingtseize
8.4%
97
quatrevingtdixsept
8.3%
99
quatrevingtdixneuf
8%
98
quatrevingtdixhuit
7.9%
Quiz Playlist
Details
Report
Send in Message
Add To Playlist
More Info:
Type the words out WITHOUT hyphens or spaces.
Classic:
Type in answers that appear in a list
Last Updated: Feb 16, 2017
Quiz Scoreboard
CHALLENGE
Sign Up to Join the Scoreboard
Show All
Scores
Hide
Comments
May contain spoilers
Recently Published
College Basketball Coaching Resumes
by pancakes188
Sports
9m
Billboard Blitz: Fleetwood Mac
by CooCooCachoo
Music
15s
Presidents Visiting Landmarks
by Hejman
History
7m
More to Explore
Quiz From the Vault
Featured Blog Post
Where Did the Easter Bunny Come From?
hide this ad
You Might Also Like...
Tags
Blitz Quiz
French Quiz
Numbers Quiz
Today's Top Quizzes in Language
Browse Language
hide this ad
Today's Top Quizzes in Numbers
Browse Numbers
Top Contributed Quizzes in Language
1
1-10 Letter F Words III
2
1-10 Letter G Words III
3
Alphabetize! : 'As' words
4
1-10 Letter H Words III
5
Order Up: Top 10 Most Native Spoken Languages
6
Celtic Nations in their Language
7
One Thing in Common: Italy
8
1-10 Letter I Words III
9
1-10 Letter J Words III
10
Weisst du, aus welchen Sprachen diese Wörter stammen?
Explore More
Trending Topics
Crossword
Marvel
Kpop
Disney
Harry Potter
Anime
NBA
Pokémon
Country
NFL
Puzzle
The Office
Soccer
WWE
Song
hide this ad
More By:
DRidde206
Quiz
Plays
Rating
Category
Featured
Created
French numbers 1-100
3,811
3.20
Language
Aug 14, 2012
2000s super bowl winners
57
Sports
Aug 13, 2012
Go to Creator's Profile
Score Distribution
Quiz Creator Spotlight
DRidde206
Follow
Send a Message
Quizzes Created
-
Created Quiz Play Count
-
More By This Creator
Popular Quizzes Today
1
Find the US States - No Outlines Minefield
2
Find the Countries of Europe - No Outlines Minefield
3
The Countries of the World
4
Find the US States
5
Risky Map Clicking: Biggest States A-Z
6
US States
7
Popular People in 1961
8
Movies - When Are They Set?
More Language Quizzes
Complete the Expression... With a Picture
Published
Trending Quizzes
Risky Map Clicking: Least Populous States A-Z
1-10 Letter G Words
1-10 Letter F Words
Risky Map Clicking: Next State Alphabetically
Risky Map Clicking: Biggest States A-Z
Recently Updated
Leaping Animals
pecheneg
Reality TV Shows (A-Z)
bhenderson79
Rickey Henderson's Hall of Fame Teammates
pecheneg
Champions League XIs: Arsenal
pecheneg
Quick Pick: Celebrities in WWE's Hall of Fame
aduchscher
A-Z Keypad Blitz II
pecheneg
Multiple Oscar Actors
pecheneg
Mystery Phrase Blitz: Oscar 'Best Actors'
pecheneg
F. Scott Fitzgerald Novels
LTH
Pick 3 Villains
ddd62291
Trending Topics
Disney
Crossword
Marvel
Kpop
NBA
Harry Potter
Anime
Soccer
The Office
Puzzle
NFL
Country
WWE
Pokémon
Song
Your Account Isn't Verified!
In order to create a playlist on Sporcle, you need to verify the email address you used during registration. Go to your
Sporcle Settings
to finish the process.
Report this User
Report this user for behavior that violates our
Community Guidelines
.
Details:
Send Report
Go to the Sporcle.com Mobile Site →
Comments